Top management selection: a study of the selection of personnel for higher positions in industrial organisations (Record no. 427792)

000 -LEADER
fixed length control field 00438cam a22001217a 4500
008 - FIXED-LENGTH DATA ELEMENTS--GENERAL INFORMATION
fixed length control field 180718b1957 xxu||||| |||| 00| 0 eng d
082 ## - DEWEY DECIMAL CLASSIFICATION NUMBER
Classification number I29 R145
100 ## - MAIN ENTRY--PERSONAL NAME
Personal name Ramfalk, C. W.
245 ## - TITLE STATEMENT
Title Top management selection: a study of the selection of personnel for higher positions in industrial organisations
Statement of responsibility, etc. by C. W. Ramfalk
260 ## - PUBLICATION, DISTRIBUTION, ETC.
Place of publication, distribution, etc. Stockholm
Name of publisher, distributor, etc. Swedish Council for Personnel Administration
Date of publication, distribution, etc. 1957
300 ## - PHYSICAL DESCRIPTION
Extent 202p
650 ## - SUBJECT ADDED ENTRY--TOPICAL TERM
Topical term or geographic name entry element Executives
Holdings
Withdrawn status Lost status Damaged status Not for loan Permanent Location Current Location Date acquired Full call number Barcode Date last seen Price effective from Koha item type
        Indian Institute of Public Administration Indian Institute of Public Administration 2009-11-25 I29 R145 11039 2018-07-21 2018-07-21 Book

Powered by Koha